Skygazing: (Record no. 47931)
| 000 -LEADER | |
|---|---|
| fixed length control field | 00399nam a2200121 4500 |
| 020 ## - INTERNATIONAL STANDARD BOOK NUMBER | |
| International Standard Book Number | 9781913519032 |
| 100 ## - MAIN ENTRY--PERSONAL NAME | |
| Personal name | Claybourne, Anna |
| 245 ## - TITLE STATEMENT | |
| Title | Skygazing: |
| Remainder of title | explore the sky in the day and night / |
| Statement of responsibility, etc | Anna Claybourne & Kerry Hyndman |
| 260 ## - PUBLICATION, DISTRIBUTION, ETC. (IMPRINT) | |
| Place of publication, distribution, etc | London |
| Name of publisher, distributor, etc | Welbeck Publishing |
| Date of publication, distribution, etc | 2021 |
| 300 ## - PHYSICAL DESCRIPTION | |
| Extent | 58 p. |
| Other physical details | col. ill. (upside down) |
| Dimensions | 28 cm. |
| 610 ## - SUBJECT ADDED ENTRY--CORPORATE NAME | |
| Source of heading or term | Astronomy |
| Corporate name or jurisdiction name as entry element | Juvenile Fiction |
| 9 (RLIN) | 85742 |
| 942 ## - ADDED ENTRY ELEMENTS (KOHA) | |
| Source of classification or shelving scheme | |
| Koha item type | Book |
| Withdrawn status | Lost status | Source of classification or shelving scheme | Damaged status | Not for loan | Collection code | Home library | Current library | Shelving location | Date acquired | Total Checkouts | Full call number | Barcode | Date last seen | Date checked out | Price effective from | Koha item type |
|---|---|---|---|---|---|---|---|---|---|---|---|---|---|---|---|---|
| TEACHERS' RESOURCES | Asian Hope Primary Library | Asian Hope Primary Library | Non Fiction | 11/25/2024 | 1 | 520 CLA | 206991 | 10/02/2025 | 07/30/2025 | 11/25/2024 | Book |